[Event "Catarinense-ch U20 Girls"]
[Site "Concordia"]
[Date "2013.05.19"]
[Round "6"]
[White "De Souza, Elana Silva"]
[Black "De Oliveira, Gabriela Thaina"]
[Result "1-0"]
[WhiteElo "1715"]
[BlackElo "1787"]
[PlyCount "69"]
[EventDate "2013.05.17"]
[EventType "swiss"]
[EventRounds "6"]
[EventCountry "BRA"]
[SourceTitle "EXT 2015"]
[Source "ChessBase"]
[SourceDate "2014.11.20"]
[SourceVersion "1"]
[SourceVersionDate "2014.11.20"]
[SourceQuality "1"]

1. e4 e5 2. Nf3 Nc6 3. d4 d6 4. Bc4 Bg4 5. c3 Nf6 6. Qb3 Be6 7. d5 Na5 8. Qa4+ Bd7 9. Qxa5 Nxe4 10. Nbd2 Nf6 11. 0-0 Be7 12. Qb4 Rb8 13. Bb3 0-0 14. Ne4 Bf5 15. Nxf6+ Bxf6 16. Ne1 c6 17. f4 exf4 18. Qxf4 Bg6 19. Bc2 cxd5 20. Bxg6 hxg6 21. Rf3 Bg5 22. Qxg5 Qb6+ 23. Kh1 Rfe8 24. Nd3 Qb5 25. Bf4 Qc6 26. Nb4 Qc5 27. Qxd5 Qc8 28. Bxd6 Ra8 29. Qxf7+ Kh8 30. Rh3+ Qxh3 31. gxh3 g5 32. Rg1 g6 33. Rxg5 Rg8 34. Be5+ Rg7 35. Qxg7# 1-0

[Event "Catarinense-ch U20 Girls"]
[Site "Lacerdapolis"]
[Date "2012.05.06"]
[Round "5"]
[White "De Oliveira, Gabriela Thaina"]
[Black "Neves, Mariana Fantin"]
[Result "0-1"]
[WhiteElo "1800"]
[BlackElo "1800"]
[PlyCount "129"]
[EventDate "2012.05.04"]
[EventType "swiss"]
[EventRounds "6"]
[EventCountry "BRA"]
[SourceTitle "CBM 148 Extra"]
[Source "ChessBase"]
[SourceDate "2012.06.22"]
[SourceVersion "1"]
[SourceVersionDate "2012.06.22"]
[SourceQuality "1"]

1. e4 e5 2. Nf3 Nc6 3. Bc4 Bc5 4. d3 d6 5. h3 Nf6 6. Bg5 0-0 7. 0-0 h6 8. Bh4 Na5 9. b4 Bxb4 10. c3 Nxc4 11. dxc4 Ba5 12. Qc2 Be6 13. Nbd2 c6 14. Qb3 Bc7 15. Qxb7 Qd7 16. Qb2 d5 17. cxd5 cxd5 18. Rab1 Rab8 19. Qa3 Qd6 20. Qxa7 dxe4 21. Nh2 Bb6 22. Qa4 Qxd2 23. Bxf6 gxf6 24. Rfd1 Qxa2 25. Qxe4 Qc4 26. Qf3 Qf4 27. Qxf4 exf4 28. Re1 Ba5 29. Re4 Rfd8 30. Rc1 Rbc8 31. c4 Kg7 32. Rxf4 Bc7 33. Re4 Bxh2+ 34. Kxh2 Rd7 35. Rc3 Rdc7 36. Rg3+ Kh7 37. Rf4 Rg8 38. Rgf3 Rg6 39. g4 Rxc4 40. Rxc4 Bxc4 41. h4 Rxg4 42. Kh3 Be6 43. Rxf6 Rf4+ 44. Kg3 Rxf6 45. f4 Rg6+ 46. Kf3 Rg4 47. Ke4 Rxh4 48. Ke5 Rh5+ 49. Ke4 Rf5 50. Kf3 h5 51. Kg3 Kg6 52. Kf3 h4 53. Kg4 h3 54. Kxh3 Rxf4+ 55. Kg3 Rc4 56. Kf2 f5 57. Kg2 f4 58. Kf3 Kg5 59. Kf2 Kg4 60. Kf1 Kg3 61. Ke2 f3+ 62. Kd1 f2 63. Kd2 f1Q 64. Ke3 Qf3+ 65. Kd2 0-1